Trade and industrialization / (Record no. 66872)

MARC details
000 -LEADER
fixed length control field 00559nam a22001577a 4500
005 - DATE AND TIME OF LATEST TRANSACTION
control field 20120518161454.0
020 ## - INTERNATIONAL STANDARD BOOK NUMBER
International Standard Book Number 0195652134
Terms of availability 245.00
035 ## - SYSTEM CONTROL NUMBER
System control number B-29892
037 ## - SOURCE OF ACQUISITION
Stock number DPL
Source of stock number/acquisition ENG
245 ## - TITLE STATEMENT
Title Trade and industrialization /
Statement of responsibility, etc edited by Deepak Nayyar
260 ## - PUBLICATION, DISTRIBUTION, ETC. (IMPRINT)
Place of publication, distribution, etc New Delhi
Name of publisher, distributor, etc Oxford University Press
Date of publication, distribution, etc 2000
300 ## - PHYSICAL DESCRIPTION
Extent xiv, 326p.
Dimensions 20 cms.
700 ## - ADDED ENTRY--PERSONAL NAME
Personal name Nayyar, Deepak
9 (RLIN) 47393
942 ## - ADDED ENTRY ELEMENTS (KOHA)
Source of classification or shelving scheme Dewey Decimal Classification
Item type English Books
Classification part 338.954
Call number suffix TRA
Holdings
Withdrawn status Lost status Not for loan Collection code Home library Current library Date acquired Cost, normal purchase price Full call number Barcode Cost, replacement price Koha item type Public note
      Non-fiction Sarojini Nagar Sarojini Nagar 18/05/2012 245.00 338.954 TRA B-29892 245.00 English Books Withdrawn List Prepared L.No.09/3

© Delhi Public Library
Hit Counter
free hit counter